Normal view
MARC view
- محمد، حسن احمد رمضان، م مشارك ابراهيم جابر السيد احمد
Entry Personal Name
001 - CONTROL NUMBER
- control field: 61914
003 - CONTROL NUMBER IDENTIFIER
- control field: JO-AjAnu
005 - DATE AND TIME OF LATEST TRANSACTION
- control field: 20230606084120.0
008 - FIXED-LENGTH DATA ELEMENTS
- fixed length control field: 230606|| aca||aabn | a|a d
040 ## - CATALOGING SOURCE
- Original cataloging agency: JO-AjAnu
- Transcribing agency: JO-AjAnu
100 ## - HEADING--PERSONAL NAME
- Personal name: محمد، حسن احمد رمضان، م مشارك ابراهيم جابر السيد احمد
670 ## - SOURCE DATA FOUND
- Source citation: Work cat.: (JO-AjAnu)31578: محمد، حسن احمد رمضان، م مشارك ابراهيم جابر السيد احمد , author, اثر اضطرابات التوحد على سلوك الاطفال